Normal view
MARC view
- Badush Salim
Entry Personal Name
001 - CONTROL NUMBER
- control field: 3821
003 - CONTROL NUMBER IDENTIFIER
- control field: OSt
005 - DATE AND TIME OF LATEST TRANSACTION
- control field: 20181031104048.0
008 - FIXED-LENGTH DATA ELEMENTS
- fixed length control field: 181031|| aca||aabn | a|a d
040 ## - CATALOGING SOURCE
- Original cataloging agency: OSt
- Transcribing agency: OSt
100 ## - HEADING--PERSONAL NAME
- Personal name: Badush Salim
670 ## - SOURCE DATA FOUND
- Source citation: Work cat.: (OSt)15480: Badush Salim Dilsha Suresh Harisankar O.P, Fertigation studies using wick irrigation system, 2018
